[Event "DVM U10 2017"]
[Site "Magdeburg GER"]
[Date "2017.12.28"]
[Round "5"]
[White "Böhm, Karl"]
[Black "Niederdorfer, Adrian"]
[Result "1/2-1/2"]
[Termination "normal"]
[Board "3.1"]
[WhiteElo "1591"]
[BlackElo "1293"]
[WhiteClock "00:23:57"]
[BlackClock "00:34:31"]
[WhiteTeam "Muldental Wilkau-Haßlau 1"]
[BlackTeam "SV Empor Erfurt 1"]
[PlyCount "103"]
[WhiteFideId "16209800"]
[BlackFideId "16275837"]
[EventCountry "GER"]
[EventRounds "7"]
[EventType "team-swiss"]
[EventDate "2017.12.27"]

1. e4 d5 2. exd5 {[%clk 0:59:54]} Qxd5 {[%clk 0:59:51]} 3. Nc3 {[%clk 0:59:46]}
Qd6 {[%clk 0:59:46]} 4. d4 {[%clk 0:59:41]} c6 {[%clk 0:59:41]} 5. Be3 {[%clk
0:58:09]} Bf5 {[%clk 0:59:35]} 6. Be2 {[%clk 0:57:50]} e6 {[%clk 0:59:21]} 7.
Nf3 Nf6 {[%clk 0:58:59]} 8. Qd2 {[%clk 0:57:21]} Qc7 {[%clk 0:58:38]} 9. Bd3
{[%clk 0:50:39]} Bg6 {[%clk 0:58:09]} 10. Ne5 {[%clk 0:50:13]} Nbd7 {[%clk
0:57:36]} 11. Nxg6 {[%clk 0:49:27]} hxg6 {[%clk 0:57:27]} 12. Ne4 {[%clk
0:49:17]} Nxe4 {[%clk 0:56:59]} 13. Bxe4 {[%clk 0:49:09]} Nf6 {[%clk 0:56:50]}
14. Bf3 {[%clk 0:48:19]} Rxh2 {[%clk 0:56:02]} 15. O-O-O {[%clk 0:47:41]} Rxh1
{[%clk 0:55:25]} 16. Rxh1 {[%clk 0:47:26]} O-O-O {[%clk 0:55:11]} 17. Qd3 Bd6
{[%clk 0:54:17]} 18. g3 {[%clk 0:44:13]} Nd5 {[%clk 0:51:49]} 19. Bg5 {[%clk
0:43:50]} Be7 {[%clk 0:50:50]} 20. Bd2 {[%clk 0:43:39]} Bf6 {[%clk 0:50:33]}
21. g4 {[%clk 0:40:28]} Qe7 {[%clk 0:48:44]} 22. Rg1 {[%clk 0:38:34]} Bg5
{[%clk 0:48:26]} 23. Bxd5 {[%clk 0:37:33]} Bxd2+ {[%clk 0:47:38]} 24. Qxd2
{[%clk 0:36:59]} Rxd5 {[%clk 0:47:25]} 25. Rh1 {[%clk 0:36:49]} Rd8 {[%clk
0:47:03]} 26. Qf4 {[%clk 0:36:36]} Qf6 {[%clk 0:46:17]} 27. Qxf6 {[%clk
0:34:53]} gxf6 {[%clk 0:43:23]} 28. c3 {[%clk 0:33:59]} Kd7 {[%clk 0:43:01]}
29. Rh7 {[%clk 0:33:29]} Ke7 {[%clk 0:42:51]} 30. Kd2 {[%clk 0:33:21]} Rd5
{[%clk 0:42:40]} 31. f4 {[%clk 0:33:07]} Ra5 {[%clk 0:42:13]} 32. a3 {[%clk
0:32:57]} Rb5 {[%clk 0:42:07]} 33. Kc2 {[%clk 0:32:48]} g5 {[%clk 0:41:49]} 34.
c4 {[%clk 0:32:10]} Ra5 {[%clk 0:41:24]} 35. Rh5 {[%clk 0:31:09]} b6 {[%clk
0:41:04]} 36. Kd3 {[%clk 0:27:34]} gxf4 {[%clk 0:40:37]} 37. Rh4 {[%clk
0:27:18]} Rg5 {[%clk 0:40:13]} 38. Ke4 {[%clk 0:27:02]} f5+ {[%clk 0:38:04]}
39. Kxf4 {[%clk 0:25:58]} Rxg4+ {[%clk 0:37:56]} 40. Rxg4 {[%clk 0:25:55]} fxg4
{[%clk 0:37:44]} 41. Kxg4 {[%clk 0:25:54]} f6 {[%clk 0:37:36]} 42. Kf4 {[%clk
0:25:40]} Kd6 {[%clk 0:37:29]} 43. b4 {[%clk 0:25:28]} e5+ {[%clk 0:37:03]} 44.
dxe5+ {[%clk 0:25:15]} fxe5+ {[%clk 0:36:56]} 45. Ke4 {[%clk 0:25:10]} a5
{[%clk 0:36:28]} 46. c5+ {[%clk 0:24:36]} bxc5 {[%clk 0:35:48]} 47. bxa5 {[%clk
0:24:31]} Kc7 {[%clk 0:34:59]} 48. Kxe5 {[%clk 0:24:23]} Kb7 {[%clk 0:34:54]}
49. Ke4 {[%clk 0:24:12]} Ka6 {[%clk 0:34:44]} 50. Kd3 {[%clk 0:24:07]} Kxa5
{[%clk 0:34:38]} 51. Kc4 {[%clk 0:24:02]} Kb6 {[%clk 0:34:31]} 52. a4 {[%clk
0:23:57]} 1/2-1/2

[Event "DVM U10 2017"]
[Site "Magdeburg GER"]
[Date "2017.12.28"]
[Round "5"]
[White "Mantu, Valentin"]
[Black "Pohle, Saskia"]
[Result "0-1"]
[Termination "normal"]
[Board "3.2"]
[WhiteElo "1147"]
[BlackElo "1511"]
[WhiteClock "00:25:06"]
[BlackClock "00:09:17"]
[WhiteTeam "SV Empor Erfurt 1"]
[BlackTeam "Muldental Wilkau-Haßlau 1"]
[PlyCount "104"]
[WhiteFideId "16278054"]
[BlackFideId "16201604"]
[EventCountry "GER"]
[EventRounds "7"]
[EventType "team-swiss"]
[EventDate "2017.12.27"]

1. Nf3 Nc6 2. d4 d5 3. g3 Nf6 4. Bg2 Bf5 5. a3 e6 6. O-O {[%clk 0:58:41]} Be7
{[%clk 0:50:20]} 7. Nc3 {[%clk 0:58:22]} O-O {[%clk 0:49:53]} 8. Bf4 {[%clk
0:58:02]} a6 {[%clk 0:49:37]} 9. Qd2 {[%clk 0:57:20]} Qd7 {[%clk 0:48:10]} 10.
b4 {[%clk 0:55:38]} Rfe8 {[%clk 0:39:58]} 11. Ne5 {[%clk 0:54:58]} Nxe5 {[%clk
0:39:20]} 12. dxe5 {[%clk 0:54:47]} Nh5 {[%clk 0:37:32]} 13. e3 {[%clk
0:53:21]} Nxf4 {[%clk 0:37:19]} 14. exf4 {[%clk 0:53:13]} c5 {[%clk 0:35:50]}
15. bxc5 {[%clk 0:52:37]} Bxc5 {[%clk 0:35:45]} 16. Ne4 {[%clk 0:51:19]} Bb6
{[%clk 0:35:01]} 17. c4 {[%clk 0:50:25]} Red8 {[%clk 0:34:19]} 18. Rad1 {[%clk
0:49:47]} Qe7 {[%clk 0:34:01]} 19. Nc3 {[%clk 0:49:16]} dxc4 {[%clk 0:33:36]}
20. Qb2 {[%clk 0:48:48]} Qc7 {[%clk 0:31:53]} 21. Na4 {[%clk 0:47:48]} Ba7
{[%clk 0:26:59]} 22. Nc3 {[%clk 0:43:41]} h6 {[%clk 0:23:13]} 23. Ne4 {[%clk
0:43:02]} Rac8 {[%clk 0:21:07]} 24. Rxd8+ {[%clk 0:41:55]} Rxd8 {[%clk
0:20:56]} 25. Nd6 {[%clk 0:41:17]} Bd3 {[%clk 0:18:46]} 26. Rc1 {[%clk
0:40:21]} b5 {[%clk 0:18:27]} 27. Bb7 {[%clk 0:37:32]} Rxd6 {[%clk 0:16:52]}
28. exd6 {[%clk 0:37:01]} Qxb7 {[%clk 0:16:48]} 29. a4 {[%clk 0:36:30]} Qd7
{[%clk 0:15:47]} 30. Qa3 {[%clk 0:35:19]} bxa4 {[%clk 0:15:23]} 31. Ra1 {[%clk
0:33:49]} Bd4 {[%clk 0:13:40]} 32. Qxa4 {[%clk 0:32:53]} Qxd6 {[%clk 0:13:33]}
33. Qxa6 {[%clk 0:31:37]} Qxa6 {[%clk 0:13:18]} 34. Rxa6 {[%clk 0:31:29]} Kf8
{[%clk 0:13:09]} 35. Ra3 {[%clk 0:30:24]} Ke7 {[%clk 0:12:47]} 36. Rxd3 {[%clk
0:29:44]} cxd3 {[%clk 0:12:32]} 37. Kf1 {[%clk 0:29:40]} Kd6 {[%clk 0:12:08]}
38. Ke1 {[%clk 0:29:28]} Kd5 {[%clk 0:11:59]} 39. Kd2 {[%clk 0:29:09]} Kc4
{[%clk 0:11:40]} 40. f3 {[%clk 0:28:53]} Bg1 {[%clk 0:11:31]} 41. h3 {[%clk
0:28:07]} Bh2 {[%clk 0:11:23]} 42. f5 {[%clk 0:27:35]} exf5 {[%clk 0:11:04]}
43. g4 {[%clk 0:27:21]} fxg4 {[%clk 0:11:01]} 44. hxg4 {[%clk 0:27:12]} Bf4+
{[%clk 0:10:52]} 45. Kd1 {[%clk 0:27:02]} Kc3 {[%clk 0:10:28]} 46. g5 {[%clk
0:26:48]} d2 {[%clk 0:10:10]} 47. gxh6 {[%clk 0:26:32]} gxh6 {[%clk 0:10:05]}
48. Ke2 {[%clk 0:26:19]} Kc2 {[%clk 0:09:59]} 49. Kf2 d1=Q 50. Kg2 {[%clk
0:25:40]} Qe2+ {[%clk 0:09:36]} 51. Kg1 {[%clk 0:25:06]} Bg3 {[%clk 0:09:17]}
52. Kh1 Qh2# 0-1

[Event "DVM U10 2017"]
[Site "Magdeburg GER"]
[Date "2017.12.28"]
[Round "5"]
[White "Buschmann, Mark"]
[Black "Rüttinger, Max"]
[Result "0-1"]
[Termination "normal"]
[Board "3.3"]
[WhiteElo "1326"]
[BlackElo "1084"]
[WhiteClock "00:04:35"]
[BlackClock "00:41:16"]
[WhiteTeam "Muldental Wilkau-Haßlau 1"]
[BlackTeam "SV Empor Erfurt 1"]
[PlyCount "108"]
[WhiteFideId "16275217"]
[BlackFideId "16278097"]
[EventCountry "GER"]
[EventRounds "7"]
[EventType "team-swiss"]
[EventDate "2017.12.27"]

1. e4 {[%clk 0:59:55]} c5 {[%clk 0:59:51]} 2. Nf3 {[%clk 0:59:46]} Nc6 {[%clk
0:59:44]} 3. Bb5 {[%clk 0:59:35]} d6 {[%clk 0:58:22]} 4. d4 {[%clk 0:58:26]}
cxd4 {[%clk 0:58:11]} 5. Nxd4 {[%clk 0:58:12]} Bd7 {[%clk 0:57:51]} 6. Be3
{[%clk 0:57:07]} Nf6 {[%clk 0:57:41]} 7. Nc3 {[%clk 0:56:43]} a6 {[%clk
0:57:24]} 8. Nxc6 {[%clk 0:55:47]} bxc6 {[%clk 0:57:13]} 9. Bc4 {[%clk
0:55:12]} Rb8 {[%clk 0:57:02]} 10. Rb1 {[%clk 0:54:12]} Qa5 {[%clk 0:56:11]}
11. Qd2 {[%clk 0:52:24]} e6 {[%clk 0:55:37]} 12. Bb3 {[%clk 0:51:17]} d5 {[%clk
0:55:15]} 13. exd5 {[%clk 0:50:01]} cxd5 {[%clk 0:54:51]} 14. O-O {[%clk
0:48:40]} Bd6 {[%clk 0:53:16]} 15. Ne4 {[%clk 0:46:46]} Bb4 {[%clk 0:52:28]}
16. Nxf6+ {[%clk 0:45:03]} gxf6 {[%clk 0:52:17]} 17. c3 {[%clk 0:44:11]} Bd6
{[%clk 0:51:59]} 18. Rfe1 {[%clk 0:43:05]} Rg8 {[%clk 0:51:41]} 19. c4 {[%clk
0:40:14]} Bb4 {[%clk 0:51:27]} 20. Qd1 {[%clk 0:38:04]} Bxe1 {[%clk 0:51:18]}
21. Qxe1 {[%clk 0:37:49]} Qxe1+ {[%clk 0:51:12]} 22. Rxe1 {[%clk 0:37:39]} dxc4
{[%clk 0:51:08]} 23. Bxc4 {[%clk 0:36:43]} Rxb2 {[%clk 0:51:00]} 24. h3 {[%clk
0:33:17]} Bb5 {[%clk 0:50:37]} 25. Rc1 {[%clk 0:32:00]} Bc6 {[%clk 0:48:54]}
26. g3 {[%clk 0:31:29]} h5 {[%clk 0:48:15]} 27. Bxa6 {[%clk 0:30:00]} Bd7
{[%clk 0:47:59]} 28. a4 {[%clk 0:27:54]} h4 {[%clk 0:47:52]} 29. Bb5 {[%clk
0:22:49]} Kd8 {[%clk 0:47:24]} 30. Bb6+ {[%clk 0:22:05]} Ke7 {[%clk 0:47:01]}
31. Bc5+ {[%clk 0:21:50]} Ke8 {[%clk 0:46:36]} 32. Bd6 {[%clk 0:21:07]} Kd8
{[%clk 0:46:11]} 33. Bc7+ {[%clk 0:17:47]} Ke7 {[%clk 0:46:02]} 34. Rd1 {[%clk
0:16:39]} Bxb5 {[%clk 0:45:39]} 35. axb5 {[%clk 0:15:57]} Rxb5 {[%clk 0:45:22]}
36. Bd6+ {[%clk 0:14:43]} Ke8 37. Rc1 Kd7 {[%clk 0:44:06]} 38. Rd1 {[%clk
0:13:55]} Rd5 {[%clk 0:43:46]} 39. Rxd5 {[%clk 0:13:24]} exd5 {[%clk 0:43:39]}
40. Bf4 {[%clk 0:12:55]} d4 {[%clk 0:43:21]} 41. Kg2 {[%clk 0:12:19]} Ke6
{[%clk 0:43:05]} 42. Kf3 {[%clk 0:11:24]} Kd5 {[%clk 0:42:55]} 43. g4 {[%clk
0:10:07]} Kc4 {[%clk 0:42:39]} 44. Ke2 {[%clk 0:09:24]} Kc3 {[%clk 0:42:28]}
45. Kd1 {[%clk 0:08:40]} d3 {[%clk 0:42:23]} 46. Bd2+ {[%clk 0:08:08]} Kb2
{[%clk 0:42:09]} 47. Bc1+ {[%clk 0:07:53]} Kc3 {[%clk 0:42:01]} 48. Bd2+ {[%clk
0:07:29]} Kb3 {[%clk 0:41:51]} 49. Kc1 {[%clk 0:06:04]} Ra8 {[%clk 0:41:44]}
50. Kd1 {[%clk 0:05:50]} Ra1+ {[%clk 0:41:29]} 51. Bc1 {[%clk 0:05:40]} Kc3
{[%clk 0:41:22]} 52. f3 {[%clk 0:05:09]} d2 {[%clk 0:41:16]} 53. Ke2 {[%clk
0:04:35]} dxc1=Q 54. Kf2 Qd2# 0-1

[Event "DVM U10 2017"]
[Site "Magdeburg GER"]
[Date "2017.12.28"]
[Round "5"]
[White "Wald, Robert"]
[Black "Helmer, Teo"]
[Result "1-0"]
[Termination "normal"]
[Board "3.4"]
[WhiteElo "1055"]
[BlackElo "1159"]
[WhiteClock "00:17:42"]
[BlackClock "00:18:48"]
[WhiteTeam "SV Empor Erfurt 1"]
[BlackTeam "Muldental Wilkau-Haßlau 1"]
[PlyCount "69"]
[WhiteFideId "16230140"]
[BlackFideId "16275225"]
[EventCountry "GER"]
[EventRounds "7"]
[EventType "team-swiss"]
[EventDate "2017.12.27"]

1. e4 {[%clk 0:59:59]} e5 {[%clk 0:59:48]} 2. Nf3 {[%clk 0:59:54]} Nc6 {[%clk
0:59:39]} 3. Bc4 {[%clk 0:59:44]} Nf6 {[%clk 0:58:48]} 4. Ng5 {[%clk 0:58:11]}
d5 {[%clk 0:58:35]} 5. exd5 {[%clk 0:57:21]} Nxd5 {[%clk 0:58:27]} 6. d3 {[%clk
0:55:47]} Bc5 {[%clk 0:56:56]} 7. Nc3 {[%clk 0:53:08]} Nce7 {[%clk 0:55:14]} 8.
Nge4 {[%clk 0:51:22]} Nxc3 {[%clk 0:52:09]} 9. Nxc3 {[%clk 0:50:20]} Bf5 {[%clk
0:50:41]} 10. Be3 {[%clk 0:47:52]} Bxe3 {[%clk 0:48:06]} 11. fxe3 {[%clk
0:47:34]} O-O {[%clk 0:45:03]} 12. Qd2 {[%clk 0:45:25]} Qd7 {[%clk 0:40:54]}
13. O-O-O {[%clk 0:43:28]} Be6 {[%clk 0:40:22]} 14. Bxe6 {[%clk 0:41:43]} Qxe6
15. Kb1 Rfb8 {[%clk 0:38:09]} 16. Rdg1 {[%clk 0:39:38]} a5 {[%clk 0:35:57]} 17.
Nb5 {[%clk 0:37:02]} Qc6 {[%clk 0:33:01]} 18. Nc3 {[%clk 0:33:36]} b5 {[%clk
0:31:59]} 19. g4 {[%clk 0:32:38]} a4 {[%clk 0:30:12]} 20. b4 {[%clk 0:32:09]}
Qd6 {[%clk 0:28:59]} 21. a3 {[%clk 0:31:16]} Qb6 {[%clk 0:27:04]} 22. h4 {[%clk
0:29:49]} c5 {[%clk 0:26:45]} 23. Na2 {[%clk 0:29:14]} Qd6 {[%clk 0:25:33]} 24.
h5 {[%clk 0:26:44]} g5 {[%clk 0:25:01]} 25. e4 {[%clk 0:25:44]} h6 {[%clk
0:24:42]} 26. Rf1 {[%clk 0:25:15]} f6 {[%clk 0:24:24]} 27. Qf2 {[%clk 0:24:34]}
Kg7 {[%clk 0:24:12]} 28. bxc5 {[%clk 0:22:35]} Qa6 {[%clk 0:23:33]} 29. Nb4
{[%clk 0:21:13]} Rc8 {[%clk 0:21:14]} 30. Nxa6 {[%clk 0:21:02]} Rxa6 {[%clk
0:21:04]} 31. d4 {[%clk 0:20:04]} Nc6 {[%clk 0:19:49]} 32. Qxf6+ {[%clk
0:18:35]} Kh7 {[%clk 0:19:12]} 33. Qg6+ {[%clk 0:18:08]} Kh8 {[%clk 0:19:00]}
34. Rf7 {[%clk 0:17:42]} Ra7 {[%clk 0:18:48]} 35. Qh7# 1-0

[Event "DVM U10 2017"]
[Site "Magdeburg GER"]
[Date "2017.12.28"]
[Round "5"]
[White "Klaska, Philipp Leon"]
[Black "Nitsche, Nikolai"]
[Result "1/2-1/2"]
[Termination "normal"]
[Board "4.1"]
[WhiteElo "1153"]
[BlackElo "1612"]
[WhiteClock "00:36:51"]
[BlackClock "00:20:40"]
[WhiteTeam "Düsseldorfer SV"]
[BlackTeam "SV Empor Berlin 1"]
[PlyCount "41"]
[WhiteFideId "16238044"]
[BlackFideId "16221036"]
[EventCountry "GER"]
[EventRounds "7"]
[EventType "team-swiss"]
[EventDate "2017.12.27"]

1. e4 {[%clk 0:59:59]} e6 {[%clk 0:59:59]} 2. d4 {[%clk 0:59:53]} d5 {[%clk
0:59:54]} 3. Nd2 {[%clk 0:59:38]} Nc6 {[%clk 0:59:21]} 4. c3 {[%clk 0:58:49]}
Nf6 {[%clk 0:59:08]} 5. Bd3 {[%clk 0:58:14]} dxe4 {[%clk 0:57:49]} 6. Nxe4
{[%clk 0:57:45]} Nxe4 {[%clk 0:57:34]} 7. Bxe4 {[%clk 0:57:36]} Bd6 {[%clk
0:57:27]} 8. Nf3 {[%clk 0:56:56]} O-O {[%clk 0:56:39]} 9. O-O {[%clk 0:56:20]}
h6 {[%clk 0:54:18]} 10. Qc2 {[%clk 0:55:14]} Bd7 {[%clk 0:51:00]} 11. Bd2
{[%clk 0:53:44]} Qe7 {[%clk 0:50:27]} 12. Rfe1 {[%clk 0:52:49]} Qf6 {[%clk
0:48:11]} 13. Rad1 {[%clk 0:51:34]} Rab8 {[%clk 0:44:49]} 14. b3 {[%clk
0:47:19]} Ne7 {[%clk 0:40:57]} 15. c4 {[%clk 0:45:42]} c6 {[%clk 0:39:14]} 16.
Bc3 {[%clk 0:44:20]} Nc8 {[%clk 0:30:21]} 17. Qb2 {[%clk 0:42:47]} Qe7 {[%clk
0:29:28]} 18. d5 {[%clk 0:41:12]} f5 {[%clk 0:22:40]} 19. Bc2 {[%clk 0:39:27]}
Qf7 {[%clk 0:21:05]} 20. dxe6 {[%clk 0:37:33]} Bxe6 {[%clk 0:20:40]} 21. Ne5
{[%clk 0:36:51]} 1/2-1/2

[Event "DVM U10 2017"]
[Site "Magdeburg GER"]
[Date "2017.12.28"]
[Round "5"]
[White "Freude, Max"]
[Black "Voicu, Mihai"]
[Result "1/2-1/2"]
[Termination "normal"]
[Board "4.2"]
[WhiteElo "1440"]
[BlackElo "1131"]
[WhiteClock "00:20:36"]
[BlackClock "00:05:17"]
[WhiteTeam "SV Empor Berlin 1"]
[BlackTeam "Düsseldorfer SV"]
[PlyCount "54"]
[WhiteFideId "16236157"]
[BlackFideId "16238168"]
[EventCountry "GER"]
[EventRounds "7"]
[EventType "team-swiss"]
[EventDate "2017.12.27"]

1. d4 {[%clk 0:59:59]} d5 {[%clk 0:59:54]} 2. c4 {[%clk 0:59:53]} e6 {[%clk
0:59:49]} 3. g3 {[%clk 0:59:47]} Nf6 {[%clk 0:59:27]} 4. Bg2 {[%clk 0:59:14]}
c5 {[%clk 0:58:34]} 5. cxd5 {[%clk 0:57:19]} exd5 {[%clk 0:58:07]} 6. Nf3
{[%clk 0:56:29]} Nc6 {[%clk 0:57:16]} 7. Nc3 {[%clk 0:53:10]} Be7 {[%clk
0:53:51]} 8. O-O {[%clk 0:51:11]} O-O {[%clk 0:53:28]} 9. e3 {[%clk 0:49:34]}
Qb6 {[%clk 0:48:53]} 10. dxc5 {[%clk 0:47:55]} Qxc5 {[%clk 0:47:47]} 11. Bd2
{[%clk 0:44:28]} Be6 {[%clk 0:45:56]} 12. Rc1 {[%clk 0:43:08]} Qd6 {[%clk
0:44:56]} 13. Nb5 {[%clk 0:42:13]} Qd7 {[%clk 0:43:28]} 14. Nbd4 {[%clk
0:42:02]} Rac8 {[%clk 0:40:17]} 15. Nxc6 {[%clk 0:41:04]} Rxc6 {[%clk 0:39:49]}
16. Ne5 {[%clk 0:40:35]} Rxc1 {[%clk 0:38:54]} 17. Qxc1 {[%clk 0:39:11]} Qc8
{[%clk 0:35:16]} 18. a3 {[%clk 0:35:27]} Bd6 {[%clk 0:30:10]} 19. Nd3 {[%clk
0:34:17]} g5 {[%clk 0:26:29]} 20. Bb4 {[%clk 0:33:23]} Qd7 {[%clk 0:22:57]} 21.
Qd2 {[%clk 0:30:58]} Bxb4 {[%clk 0:19:04]} 22. Nxb4 {[%clk 0:30:11]} Rd8 {[%clk
0:17:49]} 23. Qd4 {[%clk 0:28:49]} Ne4 {[%clk 0:09:18]} 24. Bxe4 {[%clk
0:25:47]} dxe4 {[%clk 0:08:52]} 25. Qxe4 {[%clk 0:23:54]} Bh3 {[%clk 0:06:39]}
26. Re1 {[%clk 0:21:49]} Qd2 {[%clk 0:06:16]} 27. Qb1 {[%clk 0:20:36]} a5
{[%clk 0:05:17]} 1/2-1/2

[Event "DVM U10 2017"]
[Site "Magdeburg GER"]
[Date "2017.12.28"]
[Round "5"]
[White "Sharma, Aarush"]
[Black "Monninkhoff, Yari"]
[Result "0-1"]
[Termination "normal"]
[Board "4.3"]
[WhiteElo "1116"]
[BlackElo "1207"]
[WhiteClock "00:17:30"]
[BlackClock "00:10:07"]
[WhiteTeam "Düsseldorfer SV"]
[BlackTeam "SV Empor Berlin 1"]
[PlyCount "118"]
[WhiteFideId "16238117"]
[BlackFideId "16236149"]
[EventCountry "GER"]
[EventRounds "7"]
[EventType "team-swiss"]
[EventDate "2017.12.27"]

1. e4 e5 {[%clk 0:59:45]} 2. Nf3 {[%clk 0:59:52]} Nc6 {[%clk 0:59:37]} 3. Bc4
{[%clk 0:59:44]} Bc5 {[%clk 0:59:08]} 4. c3 {[%clk 0:59:32]} Nf6 {[%clk
0:58:45]} 5. d4 {[%clk 0:59:24]} exd4 {[%clk 0:57:54]} 6. cxd4 {[%clk 0:59:12]}
Bb4+ {[%clk 0:57:10]} 7. Bd2 {[%clk 0:58:58]} Bxd2+ {[%clk 0:56:10]} 8. Nbxd2
{[%clk 0:58:41]} d5 {[%clk 0:54:34]} 9. exd5 {[%clk 0:58:19]} Nxd5 {[%clk
0:53:41]} 10. Qb3 {[%clk 0:57:59]} Na5 {[%clk 0:52:44]} 11. Qa4+ {[%clk
0:57:15]} Nc6 {[%clk 0:51:10]} 12. Qb5 {[%clk 0:56:53]} Nb6 {[%clk 0:50:13]}
13. O-O {[%clk 0:56:27]} O-O {[%clk 0:49:55]} 14. Bd3 {[%clk 0:55:40]} Nxd4
{[%clk 0:49:01]} 15. Qh5 {[%clk 0:54:53]} Nxf3+ {[%clk 0:48:03]} 16. Qxf3
{[%clk 0:54:27]} Be6 {[%clk 0:47:24]} 17. Rfe1 {[%clk 0:53:45]} Qg5 {[%clk
0:45:51]} 18. Nf1 {[%clk 0:52:56]} Bd5 {[%clk 0:44:55]} 19. Qh3 {[%clk
0:52:28]} h6 {[%clk 0:44:14]} 20. Ng3 {[%clk 0:52:11]} Rfe8 {[%clk 0:43:19]}
21. Qf5 {[%clk 0:49:54]} Qxf5 {[%clk 0:41:06]} 22. Bxf5 {[%clk 0:49:41]} g6
{[%clk 0:39:48]} 23. Bc2 {[%clk 0:48:18]} Kg7 {[%clk 0:39:04]} 24. Rad1 {[%clk
0:48:12]} c6 {[%clk 0:37:27]} 25. h4 {[%clk 0:46:58]} h5 {[%clk 0:37:13]} 26.
b3 {[%clk 0:45:22]} Nd7 {[%clk 0:35:24]} 27. Re2 {[%clk 0:43:52]} Rxe2 {[%clk
0:34:41]} 28. Nxe2 {[%clk 0:43:44]} Re8 {[%clk 0:34:20]} 29. Nf4 {[%clk
0:41:50]} Nf6 {[%clk 0:33:25]} 30. f3 {[%clk 0:40:19]} Re3 {[%clk 0:32:30]} 31.
Kf2 {[%clk 0:38:36]} Re8 {[%clk 0:29:53]} 32. Re1 {[%clk 0:36:50]} Rxe1 {[%clk
0:29:20]} 33. Kxe1 {[%clk 0:36:42]} Kh6 {[%clk 0:28:40]} 34. Nh3 {[%clk
0:35:01]} Be6 {[%clk 0:27:02]} 35. Ng5 Nd5 {[%clk 0:26:24]} 36. a3 {[%clk
0:33:45]} Ne3 {[%clk 0:25:50]} 37. Kd2 {[%clk 0:31:54]} Nxg2 {[%clk 0:25:23]}
38. Ke2 {[%clk 0:30:20]} Nxh4 {[%clk 0:24:32]} 39. f4 {[%clk 0:30:03]} Nf5
{[%clk 0:23:37]} 40. Kd3 {[%clk 0:28:35]} h4 {[%clk 0:22:48]} 41. Nxe6 {[%clk
0:27:04]} fxe6 {[%clk 0:22:41]} 42. Bd1 {[%clk 0:26:43]} g5 {[%clk 0:21:53]}
43. Ke4 {[%clk 0:26:02]} h3 {[%clk 0:19:03]} 44. Ke5 {[%clk 0:24:58]} Ng7
{[%clk 0:18:00]} 45. Bf3 {[%clk 0:24:28]} h2 {[%clk 0:17:09]} 46. a4 {[%clk
0:21:30]} Nh5 {[%clk 0:15:06]} 47. f5 {[%clk 0:20:35]} exf5 {[%clk 0:14:28]}
48. Kxf5 {[%clk 0:20:24]} Ng3+ {[%clk 0:13:50]} 49. Kg4 {[%clk 0:20:05]} h1=Q
{[%clk 0:13:22]} 50. Bxh1 {[%clk 0:19:56]} Nxh1 {[%clk 0:13:18]} 51. Kf3 {[%clk
0:19:49]} Kh5 {[%clk 0:12:28]} 52. Kg2 {[%clk 0:19:38]} Kg4 {[%clk 0:11:36]}
53. Kxh1 {[%clk 0:19:32]} Kg3 {[%clk 0:10:45]} 54. Kg1 {[%clk 0:19:27]} g4
{[%clk 0:10:38]} 55. Kh1 {[%clk 0:19:13]} Kf2 {[%clk 0:10:26]} 56. b4 {[%clk
0:18:40]} g3 {[%clk 0:10:15]} 57. b5 {[%clk 0:18:26]} g2+ {[%clk 0:10:07]} 58.
Kh2 g1=Q+ 59. Kh3 {[%clk 0:17:30]} Qg3# 0-1